Cyclisme: Top 30 du Giro / Tour d'Italie 2023 - Statistiques

Statistiques générales
  • Ce quiz a été pris 356 fois
  • Le résultat moyen est 15 sur 30
Statistiques - réponses
Pos Équipe Coureur % Correct
1er Jumbo-Visma Primoz Roglic
98%
5ème Groupama-FDJ Thibaut Pinot
95%
2ème INEOS Grenadiers Geraint Thomas
94%
3ème UAE Team Emirates Joao Almeida
85%
4ème Bahrain Victorious Damiano Caruso
73%
14ème Jumbo-Visma Sepp Kuss
71%
6ème INEOS Grenadiers Thymen Arensman
63%
15ème AG2R Citroën Team Aurélien Paret-Peintre
58%
17ème Team Arkéa-Samsic Warren Barguil
57%
7ème Team Jayco-AlUla Edward Dunbar
53%
8ème Team DSM Andreas Leknessund
52%
21ème EOLO-Kometa Cycling Team Lorenzo Fortunato
51%
9ème BORA-hansgrohe Lennard Kämna
49%
12ème Soudal Quick-Step Ilan Van Wilder
48%
10ème INEOS Grenadiers Laurens De Plus
47%
16ème Groupama-FDJ Bruno Armirail
45%
13ème Bahrain Victorious Santiago Buitrago
45%
11ème Movistar Team Einer Rubio
44%
29ème UAE Team Emirates Brandon McNulty
42%
19ème Bahrain Victorious Jack Haig
41%
18ème Team Jayco-AlUla Filippo Zana
38%
22ème Israel-Premier Tech Derek Gee
36%
20ème BORA-hansgrohe Patrick Konrad
26%
30ème UAE Team Emirates Davide Formolo
24%
25ème Jumbo-Visma Koen Bouwman
21%
28ème UAE Team Emirates Diego Ulissi
20%
24ème Astana Qazaqstan Team Luis León Sanchez
19%
23ème AG2R Citroën Team Nicolas Prodhomme
19%
26ème Astana Qazaqstan Team Simone Velasco
19%
27ème Intermarché-Wanty-Gobert Laurens Huys
15%
Aucun quiz correspondant
Distribution des résultats
% des personnes avec chaque résultat
Percentile par nombre de réponses
Votre historique - résultats
Vous n’avez pas pris ce quiz